| Tag |
First Indicator |
Second Indicator |
Subfields |
| LEADER |
00000cam a2200000 i 4500 |
| 001 |
in00004412901 |
| 005 |
20210811175912.0 |
| 008 |
210802s2016 maua b 000 0 eng d |
| 040 |
|
|
|a TXA
|b eng
|e rda
|c TXA
|
| 020 |
|
|
|a 9780983502791
|
| 020 |
|
|
|a 098350279X
|
| 035 |
|
|
|a (OCoLC)1263626274
|
| 090 |
|
|
|a PR2947.O9
|b S76 2016
|
| 100 |
1 |
|
|a Story, Ted,
|e author.
|
| 245 |
1 |
4 |
|a The Shakespeare fraud :
|b the politics behind the pen /
|c by Ted Story ; edited by William Boyle.
|
| 264 |
|
1 |
|a Somerville, MA :
|b Forever Press,
|c 2016.
|
| 300 |
|
|
|a 131 pages :
|b illustrations ;
|c 22 cm
|
| 336 |
|
|
|a text
|b txt
|2 rdacontent
|
| 337 |
|
|
|a unmediated
|b n
|2 rdamedia
|
| 338 |
|
|
|a volume
|b nc
|2 rdacarrier
|
| 504 |
|
|
|a Includes bibliographical references.
|
| 600 |
1 |
0 |
|a Shakespeare, William,
|d 1564-1616
|x Authorship
|x Oxford theory.
|
| 600 |
1 |
0 |
|a Oxford, Edward De Vere,
|c Earl of,
|d 1550-1604
|x Authorship.
|
| 700 |
1 |
|
|a Boyle, Wiiliam,
|e editor.
|
| 994 |
|
|
|a C0
|b TXA
|
| 948 |
|
|
|a cataloged
|b h
|c 2021/8/11
|d c
|e nbehmer
|f 5:58:28 pm
|
| 999 |
f |
f |
|s 83763214-5ede-3a5e-8dbc-e1eb5e35241b
|i c843d473-2279-300c-9760-607428b48685
|t 0
|
| 952 |
f |
f |
|p normal
|a Texas A&M University
|b College Station
|c Sterling C. Evans Library
|d Evans: Library Stacks
|t 0
|e PR2947.O9 S76 2016
|h Library of Congress classification
|i unmediated -- volume
|m A14851232950
|
| 998 |
f |
f |
|a PR2947.O9 S76 2016
|t 0
|l Evans: Library Stacks
|